01168nab a22002657a 4500999001500000003000400015005001700019008004100036040001100077100003000088245008100118260007300199300001500272500015400287505008900441650003900530650002300569650003700592650003300629650003100662650002700693650001800720773015100738942001300889 c5356d5356OSt20250225134557.0190603e xxum|||| |||| 00| 0 spa d cPJ-TDF 96392aSoto, Alfredo Mario13aLas nuevas fronteras de la autonomía de la voluntad /cAlfredo Mario Soto. cCiudad Autónoma de Buenos Aires :aThomson Reuters La Ley, b2024. ap. 242-248 aCita: TR LALEY AR/DOC/1984/2024. Publicado en: R.C.C. y C. 2024 (Septiembre-Octubre). EDICIÓN ESPECIAL: XXIX Jornadas Nacionales de Derecho Civil. t¿Te interesa el texto completo? Solicitalo al correo: koha@justierradelfuego.gov.ar 09327aDERECHO INTERNACIONAL PRIVADO 09716aORDEN PUBLICO 093474aAUTONOMÍA DE LA VOLUNTAD 09664aARBITRAJE INTERNACIONAL 095417aCONTRATOS DE CONSUMO 09234aDERECHO COMPARADO 09301aMERCOSUR0 0271393170dCiudad Autónoma de Buenos Aires : Thomson Reuters La Ley, 2015-tRevista Código Civil y Comercial. Nº 5 - Septiembre-Octubre 2024 2udccANA